000 00496nam a22001931a 4500
001 1400
003 OSt
005 20260204211733.0
008 040119s1995||||dr ||||||b||||||||||spa||
050 _aRD 460 T24a
082 _aRd460 T24a
100 _aTemístocles Roa, Carlos
245 _aAprenda español / Carlos Temístocles Roa
264 _aSanto Domingo : Banco de Reservas
300 _a229 p.
500 _aIncluye bibliografía.
650 _a1.Lengua EspañolaÌ
942 _2ddc
_cBK
999 _c1400
_d1400